Real Madrid - Top 10 Goalscorers by season - Statistics

General Stats
  • This quiz has been taken 486 times
  • The average score is 28 of 36
Answer Stats
Answer % Correct
Karim Benzema
100%
Luka Modric
99%
Cristiano Ronaldo
98%
Gareth Bale
98%
Vinicius Junior
98%
Rodrygo
97%
Toni Kroos
97%
Federico Valverde
95%
David Alaba
94%
Sergio Ramos
93%
James Rodriguez
91%
Angel Di Maria
89%
Daniel Carvajal
89%
Casemiro
88%
Marcelo
85%
Gonzalo Higuain
84%
Marco Asensio
84%
Eden Hazard
82%
Isco
82%
Mariano Diaz
80%
Eder Militao
79%
Mesut Ozil
79%
Eduardo Camavinga
78%
Javier Hernandez
77%
Raphael Varane
77%
Sami Khedira
77%
Pepe
76%
Ferland Mendy
71%
Alvaro Morata
67%
Lucas Vazquez
66%
Nacho Fernandez
66%
Jesé Rodriguez
64%
Kaka
56%
Dani Ceballos
43%
José Callejon
26%
Borja Mayoral
22%
No matching quizzes found
Score Distribution
Percent of People with Each Score
Percentile by Number Answered
Your Score History
You have not taken this quiz